000 00705nam a22002417a 4500
001 42764
003 UA-OsUOA
005 20230406123646.0
007 ta
008 20061120b un ||||| |||| 00| 0 ukr d
020 _a966-364-228-9
040 _aUA-OsUOA
_bukr
_cUA-OsUOA
_dUA-OsUOA
041 _aukr
080 _a2(075.8)
090 _a2(075.8)
_bР36
245 _aРелігієзнавство
_bнавчальний посібник
_cза ред. Л. І. Мозгового
260 _aК.
_bЦУЛ
_c2006
300 _a272 с.
650 7 _a2 Релігія. Теологія.
_2UDC
942 _cBK
_2udc
955 _a2
999 _c328887
_d328887